|
|
|
|
| LEADER |
00000nam0a2200000 4500 |
| 001 |
180264 |
| 005 |
20231101223531.0 |
| 010 |
|
|
|a 9785394003288
|
| 035 |
|
|
|a (RuTPU)RU\TPU\book\195414
|
| 035 |
|
|
|a RU\TPU\book\171828
|
| 090 |
|
|
|a 180264
|
| 100 |
|
|
|a 20090423d2010 m y0rusy50 ca
|
| 101 |
0 |
|
|a rus
|
| 102 |
|
|
|a RU
|
| 105 |
|
|
|a a j 001zy
|
| 200 |
1 |
|
|a Управление инновационной деятельностью в условиях модернизации национальной экономики
|e учебное пособие
|f В. В. Гришин
|
| 210 |
|
|
|a Москва
|c Дашков и К
|d 2010
|
| 215 |
|
|
|a 368 с.
|c ил.
|
| 320 |
|
|
|a Библиогр.: с. 365-367.
|
| 330 |
|
|
|a В учебном пособии представлены теоретические и методические основы инновационной деятельности. Особое внимание уделено управленческим аспектам и приемам государственного регулирования инновационных процессов в Российской Федерации и странах — мировых инновационных лидерах. Для лучшего усвоения учебного материала каждый раздел пособия сопровождается вопросами и заданиями для самоконтроля. Для студентов высших учебных заведений, аспирантов и преподавателей.
|
| 606 |
1 |
|
|a Инновационная экономика
|2 stltpush
|3 (RuTPU)RU\TPU\subj\67863
|9 83511
|
| 610 |
1 |
|
|a инновации
|
| 610 |
1 |
|
|a инновационная политика
|
| 610 |
1 |
|
|a национальная экономика
|
| 610 |
1 |
|
|a международный бизнес
|
| 610 |
1 |
|
|a интеллектуальная собственность
|
| 610 |
1 |
|
|a конкурентоспособность
|
| 610 |
1 |
|
|a государственное регулирование
|
| 610 |
1 |
|
|a инновационные программы
|
| 610 |
1 |
|
|a инновационные проекты
|
| 610 |
1 |
|
|a учебные пособия
|
| 686 |
|
|
|a У9(2)0-551я73
|v LBC/SL-A
|2 rubbk
|
| 700 |
|
1 |
|a Гришин
|b В. В.
|g Владислав Викторович
|
| 801 |
|
1 |
|a RU
|b 63413507
|c 20100513
|
| 801 |
|
2 |
|a RU
|b 63413507
|c 20150731
|g RCR
|
| 942 |
|
|
|c BK
|
| 959 |
|
|
|a 31/20100513
|d 2
|e 264,00
|f АНЛ:1
|f ЧЗГЛ:1
|